Представление документа в формате RUSMARC

ПолеНазваниеЗначение
  Тип записи a
  Библиографический уровень m
001 Контрольный номер RU/IS/BASE/341667369
005 Дата корректировки 20201206204743.8
010 Индекс ISBN __
a ISBN 978-5-8192-0387-3
d Цена 243-00
100 Данные общей обработки __
a Данные общей обработки 19100412d2009 |||y0rusy0189 ca
101 Язык документа __
a Язык текста rus
102 Страна публикации __
a Страна публикации RU
105 Кодированные данные (монография) __
a Кодированные данные (монография) y zzzz000zy
200 Заглавие и сведения об ответственности __
a Заглавие Библиотека и краеведение
e Сведения, относящиеся к заглавию статьи. Рецензии : указ. лит. за 2006-2007 гг.
f Первые сведения об ответственности [сост. Л. С. Николаева ; ред. Н. М. Балацкая ; авт. публ.: А. Н. Маслова, Л. И. Новикова, А. И. Раздорский]
b Общее обозначение материала Текст
210 Выходные данные __
a Место издания СПб.
c Издательство Рос. нац. б-ка
d Дата издания 2009
215 Физическое описание __
a Объем 409 с.
c Иллюстрации/тип воспроизводства ил., табл.
320 Библиография __
a Библиография Указ.: с. 278-367
327 Примечание о содержании __
a Примечание о содержании Характеристика документально-информационного потока по проблемам краеведения / Маслова А. Н.
327 Примечание о содержании __
a Примечание о содержании Имя в истории Сочи, история в имени / Маслова А. Н.
327 Примечание о содержании __
a Примечание о содержании История нижегордского земства, 1864-1917 гг. / Новикова Л. И.
327 Примечание о содержании __
a Примечание о содержании Из церковной истории Вологодского края / Раздорский А. И.
330 Аннотация __
a Аннотация Настоящий выпуск библиографического указателя включает опубликованные на русском языке в 2006-2007 гг. книги (в т. ч. авторефераты диссертаций), статьи из журналов и сборников и рецензии по вопросам краеведческого движения, регионального источниковедения и историографии, теории и практике библиотечного краеведения в России и за рубежом; персоналии краеведов. В приложении приводятся список новых краеведческих энциклопедий и справочников, статьи и рецензии.
606 Тематические рубрики __
a Основная рубрика Литература универсального содержания
606 Тематические рубрики __
a Основная рубрика Библиографические пособия
606 Тематические рубрики __
a Основная рубрика География
606 Тематические рубрики __
a Основная рубрика Страноведение
606 Тематические рубрики __
a Основная рубрика Библиотечное дело
606 Тематические рубрики __
a Основная рубрика Библиографоведение
y Географическая подрубрика Россия; Сочи; Нижний Новгород; Вологодский край
610 Ключевые слова __
a Ключевые слова краеведение; библиографическая деятельность; библиографическая продукция; библиографические данные; библиографические издания; библиографические материалы; история краеведения; краеведческая деятельность; библиография краеведческой литературы; краеведческая библиография; школьное краеведение; краеведческая деятельность библиотек; краеведческие исследования; документально-информационные потоки; рецензии
686 Индексы других классификаций __
a Классификационный индекс 91.9:2
686 Индексы других классификаций __
a Классификационный индекс 26.89(2)я1
686 Индексы других классификаций __
a Классификационный индекс 78.5я1; ст91.9:2 + ст 26.89(2)я1 + ст78
702 Вторичная интеллектуальная ответственность __
a Фамилия Николаева
b Имя Л. С.
4 Код отношения Составитель
4 Код отношения 220
702 Вторичная интеллектуальная ответственность _1
a Фамилия Балацкая
b Имя Н. М.
4 Код отношения Редактор
4 Код отношения 340
702 Вторичная интеллектуальная ответственность _1
a Фамилия Маслова
b Имя А. Н.
4 Код отношения Автор
4 Код отношения 070
702 Вторичная интеллектуальная ответственность _1
a Фамилия Новикова
b Имя Л. И.
4 Код отношения Автор
4 Код отношения 070
702 Вторичная интеллектуальная ответственность _1
a Фамилия Раздорский
b Имя А. И.
4 Код отношения Автор
4 Код отношения 070
801 Источник записи _0
a Страна RU
b Организация Муниципальное бюджетное учреждение культуры "Централизованная библиотечная система" г. Сургут (Центральная городская библиотека им. А. С. Пушкина)
c Дата составления 20100412
g Правила каталогизации КиК/Поспелова
801 Источник записи _1
a Страна RU
b Организация Муниципальное бюджетное учреждение культуры "Централизованная библиотечная система" г. Сургут (Центральная городская библиотека им. А. С. Пушкина)
c Дата составления 20100412
g Правила каталогизации КиК/Поспелова
852 Данные о местонахождении __
j Шифр хранения 91.9:2
i Авторский знак Б 59
901 Тип документа __
t Тип документа m
903 Характеристики (МАРС) __
a Дата передачи 20101029
969 Тип издания __
a Тип издания указатель
990 Данные о заказе (DOS) __
j Количество экземпляров (DOS) 2
h N записи в КСУ для Б/У (DOS) 201011